|
|
|
|
| LEADER |
00000cas a2200000 c 4500 |
| 001 |
246050446 |
| 003 |
DE-627 |
| 005 |
20260207120944.0 |
| 007 |
tu |
| 008 |
980702c19949999gw z| m| 0 |0ger c |
| 016 |
7 |
|
|a 019284136
|2 DE-101
|
| 016 |
7 |
|
|a 1434321-6
|2 DE-600
|
| 035 |
|
|
|a (DE-627)246050446
|
| 035 |
|
|
|a (DE-576)041671244
|
| 035 |
|
|
|a (DE-599)ZDB1434321-6
|
| 035 |
|
|
|a (OCoLC)637368015
|
| 040 |
|
|
|a DE-627
|b ger
|c DE-627
|e rakwb
|
| 041 |
|
|
|a ger
|
| 044 |
|
|
|c XA-DE
|
| 082 |
0 |
4 |
|a 940
|q DE-600
|
| 084 |
|
|
|a 1
|2 ssgn
|
| 084 |
|
|
|a 15.43
|2 bkl
|
| 245 |
0 |
0 |
|a Forschungen zur DDR-Geschichte
|
| 246 |
1 |
|
|i Nebent.
|a Forschungsreihe zur DDR-Geschichte
|
| 264 |
3 |
1 |
|a Berlin
|b Links
|c 1994-
|
| 336 |
|
|
|a Text
|b txt
|2 rdacontent
|
| 337 |
|
|
|a ohne Hilfsmittel zu benutzen
|b n
|2 rdamedia
|
| 338 |
|
|
|a Band
|b nc
|2 rdacarrier
|
| 362 |
0 |
|
|a 1.1995; 2.1994 -
|
| 363 |
0 |
1 |
|a 1
|i 1995
|
| 655 |
|
7 |
|a Monografische Reihe
|0 (DE-588)4179998-7
|0 (DE-627)104628669
|0 (DE-576)209995106
|2 gnd-content
|
| 889 |
|
|
|w (DE-603)186262671
|
| 889 |
|
|
|w (DE-576)46839351X
|
| 889 |
|
|
|w (DE-576)479216452
|
| 889 |
|
|
|w (DE-576)487059883
|
| 935 |
|
|
|a mteo
|a RFBW
|
| 936 |
b |
k |
|a 15.43
|j Deutsche Geschichte des 19. Jahrhunderts bis zur Gegenwart
|0 (DE-627)181569701
|
| 936 |
s |
n |
|a n100
|2 mzub
|
| 951 |
|
|
|a ST
|
| ELC |
|
|
|b 1
|
| LOK |
|
|
|0 000 xxxxxcx a22 zn 4500
|
| LOK |
|
|
|0 001 2241269530
|
| LOK |
|
|
|0 003 DE-627
|
| LOK |
|
|
|0 004 246050446
|
| LOK |
|
|
|0 005 20010918000000
|
| LOK |
|
|
|0 008 950420||||||||||||||||ger|||||||
|
| LOK |
|
|
|0 040
|a DE-21
|c DE-627
|d DE-21
|
| LOK |
|
|
|0 852
|a DE-21
|
| LOK |
|
|
|0 852 1
|9 00
|
| LOK |
|
|
|0 866
|x Ers.
|
| LOK |
|
|
|0 939
|a 1995-04-20
|b l01
|
| LOK |
|
|
|0 000 xxxxxcx a22 zn 4500
|
| LOK |
|
|
|0 001 2241269549
|
| LOK |
|
|
|0 003 DE-627
|
| LOK |
|
|
|0 004 246050446
|
| LOK |
|
|
|0 005 20010920000000
|
| LOK |
|
|
|0 008 950929||||||||||||||||ger|||||||
|
| LOK |
|
|
|0 040
|a DE-21-31
|c DE-627
|d DE-21-31
|
| LOK |
|
|
|0 852
|a DE-21-31
|
| LOK |
|
|
|0 852 1
|c Einzelsignatur
|m p
|9 00
|
| LOK |
|
|
|0 938
|k p
|
| LOK |
|
|
|0 939
|a 1995-09-29
|b l01
|
| LOK |
|
|
|0 000 xxxxxcx a22 zn 4500
|
| LOK |
|
|
|0 001 2595528068
|
| LOK |
|
|
|0 003 DE-627
|
| LOK |
|
|
|0 004 246050446
|
| LOK |
|
|
|0 005 20090316113907
|
| LOK |
|
|
|0 008 090316||||||||||||||||ger|||||||
|
| LOK |
|
|
|0 040
|a DE-21-106
|c DE-627
|d DE-21-106
|
| LOK |
|
|
|0 852
|a DE-21-106
|
| LOK |
|
|
|0 852 1
|m p
|9 00
|
| LOK |
|
|
|0 935
|a k106
|a i106
|
| LOK |
|
|
|0 938
|k p
|
| LOK |
|
|
|0 939
|a 2009-03-16
|b l01
|
| LOK |
|
|
|0 000 xxxxxcx a22 zn 4500
|
| LOK |
|
|
|0 001 2241269212
|
| LOK |
|
|
|0 003 DE-627
|
| LOK |
|
|
|0 004 246050446
|
| LOK |
|
|
|0 005 19941129000000
|
| LOK |
|
|
|0 008 941129||||||||||||||||ger|||||||
|
| LOK |
|
|
|0 040
|a DE-Frei85
|c DE-627
|d DE-Frei85
|
| LOK |
|
|
|0 852
|a DE-Frei85
|
| LOK |
|
|
|0 852 1
|m p
|9 00
|
| LOK |
|
|
|0 938
|k p
|
| LOK |
|
|
|0 939
|a 1994-11-29
|b l01
|
| ORI |
|
|
|a WA-MARC-krimdokb001.raw
|
| SPR |
|
|
|a 1
|t KRI
|